| 000 | 00840nam a2200289 i 4500 | ||
|---|---|---|---|
| 001 | 16615 | ||
| 003 | ES-MaACL | ||
| 005 | 20230906151348.0 | ||
| 007 | t| | ||
| 008 | 001019s1998 sp ||||0| spa j | ||
| 020 | _a84-493-0525-X | ||
| 040 |
_aM-BN _bspa _cM-BN |
||
| 080 | _a316.2 Mauss, Marcel | ||
| 080 | _a39(954) | ||
| 100 | 1 |
_aGodelier, Maurice. _957517 |
|
| 245 | 1 | 3 |
_aEl enigma del don / _cMaurice Godelier. |
| 250 | _a1ª ed. | ||
| 260 |
_aBarcelona : _bPaidós Ibérica, _c1998. |
||
| 300 |
_a315 p. ; _c22 cm. |
||
| 490 | 1 |
_aPaidós básica ; _v93 |
|
| 600 | 1 | 4 |
_aMauss, Marcel. _tEssai sur le don. _979285 |
| 650 | 1 | 4 |
_aRitos y ceremonias- _zPapúa y Nueva Guinea. _916919 |
| 830 | 0 |
_aPaidós básica ; _v93 _9178397 |
|
| 852 |
_aES-MaACL _jL-23848 _bR.128646 |
||
| 999 |
_c16615 _d16615 |
||